| 000 | 00753nam a2200217 a 4500 | ||
|---|---|---|---|
| 005 | 20250128063745.0 | ||
| 008 | 991125s1997 es 000 0 spa u | ||
| 020 | _a8474326664 | ||
| 035 | _aUPN01000027334 | ||
| 049 | _aCG | ||
| 050 | 4 |
_aBF463 M4 _bP5.38a 1997 |
|
| 100 | 1 |
_aPiaget, Jean, _d1896-1980 |
|
| 245 | 1 | 0 |
_aHacia una lógica de significaciones / _cpor Jean Piaget y Rolando García ; pref. Bärbel Inhelder ; tr. Emilia Ferreiro. |
| 250 | _a2a ed. | ||
| 260 |
_aBarcelona, Esp. : _bGedisa, _c1997. |
||
| 300 | _a156 p. | ||
| 440 | 0 |
_aHombre y sociedad. _pCla.De.Ma. _pFilosofía de la ciencia |
|
| 650 | 2 |
_aSignificado (psicología) _914374 |
|
| 700 | 1 |
_aGarcía, Rolando V. _d1919-2012 _q(Rolando Víctor), _ecoaut. _931804 |
|
| 905 | _aLibro | ||
| 999 |
_c27334 _d27334 |
||